000 00998cam a22003137a 4500
003 CHAP
005 20220329141044.0
008 971013s1992 r 00010 d
010 _a61972
011 _a62944
035 _a67120
040 _cCHAP
082 _a336.72
_bR65
100 0 0 _aRosas Arceo, Alfredo.
_999997
245 1 3 _aLa crisis fiscal del presupuesto público en México
260 _aMéxico, D. F. :
_bEd. Técnico Científicas,
_c1992
300 _a295 p.
590 _aBATCH-UPD
_b10
_c20130110
_lUCH01
_h1237
590 _aBATCH-UPD
_b10
_c20130410
_lUCH01
_h0804
590 _aBATCH-UPD
_b10
_c20130914
_lUCH01
_h1058
590 _aCONVERSION
_b10
_c20130109
_lUCH01
_h1333
650 1 4 _aCrisis económica.
_928975
650 1 4 _aFinanzas públicas
_zMéxico.
_940975
650 1 4 _aPolítica económica
_zMéxico.
_990535
650 1 4 _aPresupuesto
_xMéxico.
_991545
901 _aBK
942 _cLIBRO
949 _a336.72 R65
_bBC
_cLIBRO
_d33724000630109
_eLIBRO
_h91489
_i67120
_si
999 _c61972
_d61972